00276nam a2200109Ia 4500008004100000245005100041260002200092440000600114521002200120942000700142999001700149140130s9999 xx 000 0 und d cMargaret DavidsonaStory Of Thomas Alva Edison bScholastic,c1964 v1 aGrade 1 - Grade 2 cBK c40280d40280